<?xml version="1.0" encoding="UTF-8"?><?xml-stylesheet type="text/xsl" href="static/style.xsl"?><OAI-PMH xmlns="http://www.openarchives.org/OAI/2.0/" xmlns:xsi="http://www.w3.org/2001/XMLSchema-instance" xsi:schemaLocation="http://www.openarchives.org/OAI/2.0/ http://www.openarchives.org/OAI/2.0/OAI-PMH.xsd"><responseDate>2026-04-17T17:07:51Z</responseDate><request verb="GetRecord" identifier="oai:www.recercat.cat:10230/45606" metadataPrefix="marc">https://recercat.cat/oai/request</request><GetRecord><record><header><identifier>oai:recercat.cat:10230/45606</identifier><datestamp>2025-12-21T17:57:38Z</datestamp><setSpec>com_2072_6</setSpec><setSpec>col_2072_452952</setSpec></header><metadata><record xmlns="http://www.loc.gov/MARC21/slim" xmlns:dcterms="http://purl.org/dc/terms/" xmlns:xsi="http://www.w3.org/2001/XMLSchema-instance" xmlns:doc="http://www.lyncode.com/xoai" xsi:schemaLocation="http://www.loc.gov/MARC21/slim http://www.loc.gov/standards/marcxml/schema/MARC21slim.xsd">
   <leader>00925njm 22002777a 4500</leader>
   <datafield ind2=" " ind1=" " tag="042">
      <subfield code="a">dc</subfield>
   </datafield>
   <datafield ind2=" " ind1=" " tag="720">
      <subfield code="a">Cañada Pujols, Maria Dolors</subfield>
      <subfield code="e">author</subfield>
   </datafield>
   <datafield ind2=" " ind1=" " tag="720">
      <subfield code="a">Bach, Carme, 1971-</subfield>
      <subfield code="e">author</subfield>
   </datafield>
   <datafield ind2=" " ind1=" " tag="260">
      <subfield code="c">2020-10-28T12:02:02Z</subfield>
   </datafield>
   <datafield ind2=" " ind1=" " tag="260">
      <subfield code="c">2020-10-28T12:02:02Z</subfield>
   </datafield>
   <datafield ind2=" " ind1=" " tag="260">
      <subfield code="c">2020</subfield>
   </datafield>
   <datafield ind2=" " ind1=" " tag="520">
      <subfield code="a">Los abstracts de trabajos de fin de grado son textos académicos redactados por estudiantes que se inician en la investigación. Aunque existen estudios sobre los abstracts producidos por expertos, son escasos los dedicados a producciones de estudiantes. En este artículo se analizan los abstracts redactados por  futuros egresados en Lenguas Aplicadas en tres niveles de análisis: supratextual, macrotextual (movimientos retóricos) y microtextual (marcadores metadiscursivos). El análisis muestra la aparición de estructuras retóricas prototípicas del género, al igual que algunos movimientos emergentes. En cuanto a los recursos metadiscursivos, los estudiantes usan una gran variedad de marcadores, en la que destacan los metadiscursivos estructuradores (encapsuladores y ordenadores discursivos).</subfield>
   </datafield>
   <datafield ind2=" " ind1=" " tag="520">
      <subfield code="a">Undergraduate final-year dissertations abstracts are academic texts written by students starting out as researchers. Although there are studies on abstracts produced by experts, few of them have dealt with abstracts produced by students. In this paper, abstracts written by future graduates in Applied Languages are analysed. This is done at three levels: supratextual, macro-textual (rhetorical moves) and micro-textual (metadiscourse markers). The analysis shows how rhetorical structures that are prototypical of the genre appear, as do some emergent moves. Regarding metadiscourse resources, students use a wide range of markers, the most prominent ones being metadiscourse structure markers (encapsulators —also  known  as  shell  nouns—  and  ordinal  markers).  The  main  finding  is  that  the  abstracts are hybrid texts: halfway between academic discourse, produced by a student to be assessed, and specialised discourse, produced by and directed to expert readers.</subfield>
   </datafield>
   <datafield ind2=" " ind1=" " tag="520">
      <subfield code="a">Este trabajo forma parte del proyecto de investigación ECODAL: Evaluación de la competencia discursiva de aprendices adultos plurilingües: detección de necesidades formativas y pautas para un aprendizaje autónomo (nº de ref. EDU2016-75874-P), del Plan Nacional de Investigación Científica, Desarrollo e Innovación Tecnológica 2016 del Ministerio de Economía, Industria y Competitividad (MINECO), cofinanciado por  la  Agencia  Estatal de Investigación (AEI) y el Fondo Europeo de Desarrollo Regional  (FEDER). Las autoras forman parte de Gr@el, grupo de investigación consolidado y financiado por la Generalitat de Catalunya (AGAUR, 2017SGR 915).</subfield>
   </datafield>
   <datafield tag="653" ind2=" " ind1=" ">
      <subfield code="a">Escritura académica</subfield>
   </datafield>
   <datafield tag="653" ind2=" " ind1=" ">
      <subfield code="a">Movimientos retóricos</subfield>
   </datafield>
   <datafield tag="653" ind2=" " ind1=" ">
      <subfield code="a">Marcadores metadiscursivos</subfield>
   </datafield>
   <datafield tag="653" ind2=" " ind1=" ">
      <subfield code="a">Abstracts</subfield>
   </datafield>
   <datafield tag="653" ind2=" " ind1=" ">
      <subfield code="a">Academic writing</subfield>
   </datafield>
   <datafield tag="653" ind2=" " ind1=" ">
      <subfield code="a">Moves</subfield>
   </datafield>
   <datafield tag="653" ind2=" " ind1=" ">
      <subfield code="a">Metadiscourse markers</subfield>
   </datafield>
   <datafield ind2="0" ind1="0" tag="245">
      <subfield code="a">Competencia discursiva y redacción de abstracts: gestionar la doble identidad estudiante e investigador</subfield>
   </datafield>
   <datafield ind2="0" ind1="0" tag="245">
      <subfield code="a">Discourse competence and abstract writing: managing the dual identity of student and researcher</subfield>
   </datafield>
</record></metadata></record></GetRecord></OAI-PMH>